| 000 | 03465cam a2200385 i 4500 | ||
|---|---|---|---|
| 001 | 23236251 | ||
| 003 | OSt | ||
| 005 | 20250217063617.0 | ||
| 008 | 230720s2024 enka b 001 0 eng | ||
| 010 | _a 2023024385 | ||
| 020 |
_a9781032276908 _q(hardback) |
||
| 020 |
_a9781032276915 _q(paperback) |
||
| 020 |
_z9781003293736 _q(ebook) |
||
| 040 |
_aDLC _beng _erda _cDLC _dDLC |
||
| 042 | _apcc | ||
| 050 | 0 | 0 |
_aNA9053.S82 _bM33 2024 |
| 082 | 0 | 0 |
_a307.1216 M33 2024 _223/eng/20230804 |
| 100 | 1 |
_aMadigan, Damian, _eauthor. |
|
| 245 | 1 | 0 |
_aBluefield housing as alternative infill for the suburbs / _cDamian Madigan ; illustrated by Damian Madigan. |
| 264 | 1 |
_aAbingdon, Oxon : _bRoutledge/Taylor & Francis Group, _c2024. |
|
| 300 |
_axvii, 315 pages : _bchiefly illustrations (some color) ; _c27 cm |
||
| 336 |
_atext _btxt _2rdacontent |
||
| 337 |
_aunmediated _bn _2rdamedia |
||
| 338 |
_avolume _bnc _2rdacarrier |
||
| 504 | _aIncludes bibliographical references and index. | ||
| 520 |
_a"Suburbanised cities share a common dilemma: how to transition to more densely populated and socially connected urban systems while retaining low-rise character, avoiding gentrification, and opening neighbourhoods to more diverse housing choices. Bluefield Housing offers a new land definition and co-located infill model addressing these concerns, through describing and deploying the types of ad-hoc modifications that have been undertaken in the suburbs for decades. Extending green-, brown- and greyfield definitions, it provides a necessary middle ground between the 'do nothing' attitude of suburban preservation and the 'do everything' approach of knock-down-rebuild regeneration. An adjunct to 'missing middle' and subdivision densification models, with a focus on co-locating homes on small lots, Bluefield Housing presents a unified design approach to suburban infill: retrofitting original houses, retaining and enhancing landscape and urban tree canopies, and delivering additional homes as low-rise additions and backyard homes suited to the increasingly complex make-up of our households. Extensively illustrated by the author with engaging architectural design studies, Damian Madigan describes how existing quirks of suburban housing can prompt new forms of infill, explains why a new suburban densification model is not only necessary but can be made desirable for varied stakeholders, and charts a path towards the types of statutory and market triggers required to make bluefield housing achievable. Using Australian housing as an example but addressing universal concerns around neighbourhood character, demographic needs, housing diversity, dwelling flexibility, and landscape amenity, Bluefield Housing offers innovative suburban infill ideas for policy makers, planners, architects, researchers and students of housing and design studies, and for those with a stake in the future of the suburbs"-- _cProvided by publisher. |
||
| 650 | 0 | _aCity planning. | |
| 650 | 0 | _aSuburbs. | |
| 650 | 0 | _aHousing development. | |
| 650 | 0 | _aInfill housing. | |
| 776 | 0 | 8 |
_iOnline version: _aMadigan, Damian. _tBluefield housing as alternative infill for the suburbs _dAbingdon, Oxon : Routledge, 2024 _z9781003293736 _w(DLC) 2023024386 |
| 906 |
_a7 _bcbc _corignew _d1 _eecip _f20 _gy-gencatlg |
||
| 942 |
_2ddc _cBK-EN _n0 |
||
| 999 |
_c7664 _d7664 |
||